Представление документа в формате MARC21

Поле Инд. ПП Название Значение
Тип записи a
Библиографический уровень b
001 Контрольный номер RU/IS/BASE/440681245
005 Дата корректировки 20200601191508.9
008 Кодируемые данные 20131218
040 b Код языка каталог. rus
e Правила каталог. PSBO
041 0_ a Код языка текста rus
084 a Индекс другой классификации/Индекс ББК 87.25; 87.3(0)
100 1_ a Автор Лебедев С. А.
q Полное имя Лебедев Сергей Александрович
100 1_ a Автор Коськов С. Н.
q Полное имя Коськов Сергей Николаевич
245 10 a Заглавие Конвенционалистская философия науки
504 a Библиография Библиогр.: с. 69
520 0_ a Аннотация В статье анализируется основное содержание конвенционалистской эпистемологии, причины ее возникновения, эволюция, основные версии и место в современной философии науки
600 14 a Персоналии Пуанкаре Жюль Анри
a Персоналии Грюнбаум Адольф
a Персоналии Айдукевич Казимеж
a Персоналии Карнап Рудольф
a Персоналии Поппер Карл Раймунд
a Персоналии Лакатос Имре
650 14 a Основная рубрика история философии
a Основная рубрика философия
a Основная рубрика философия науки
653 1_ a Ключевые слова конвенционализм
a Ключевые слова научная теория
a Ключевые слова научное познание
a Ключевые слова научные факты
a Ключевые слова научный консенсус
a Ключевые слова эпистемология
a Ключевые слова язык науки
773 08 t Заглавие источника Вопросы философии
d Дата издания источника 2013
g Прочая информация № 5. - С. 57 - 69
w Контрольный № источника RU/IS/BASE/424277693
901 t Тип документа b